Geography Quiz

Random Geography or State Quiz

--Sporcle-Heavy States-- Quiz Stats

 Plays Quiz not verified by Sporcle

Support Sporcle.
Go Orange.
Score 0/53 Timer 10:00
0 Plays Today
State State % Correct
Other Country???
7.6%
New York???
5.5%
Ohio???
5.3%
California???
5.2%
Florida???
4.4%
Texas???
4.4%
Montana???
4.3%
North Dakota???
4.3%
Massachusetts???
3.6%
Pennsylvania???
3.5%
New Jersey???
3.4%
South Dakota???
3.1%
Rhode Island???
3%
Michigan???
2.9%
Alabama???
2.7%
Arizona???
2.7%
Tennessee???
2.5%
Illinois???
2%
Indiana???
2%
Kentucky???
1.9%
North Carolina???
1.7%
Arkansas???
1.6%
Maryland???
1.6%
Oklahoma???
1.6%
Minnesota???
1.5%
Utah???
1.4%
Washington D.C.???
1.4%
State State % Correct
West Virginia???
1.3%
Iowa???
1.2%
Nevada???
1.2%
South Carolina???
1.2%
Missouri???
1.1%
Virginia???
1%
Louisiana???
1%
New Hampshire???
1%
Washington???
1%
Nebraska???
1%
Wisconsin???
1%
Kansas???
0.9%
Oregon???
0.9%
Wyoming???
0.8%
Alaska???
0.8%
New Mexico???
0.8%
Connecticut???
0.7%
Georgia???
0.7%
Colorado???
0.6%
Idaho???
0.5%
Vermont???
0.4%
Maine???
0.4%
Delaware???
0.2%
Hawaii???
0.2%
Mississippi???
0.2%
Type your state???
0.1%

You're not logged in!

Compare scores with friends on all Sporcle quizzes.
OR
Log In

From the Vault

United States of Pop 2014

by rockgolf

Surprisingly, Taylor Swift is only here once.
Remove Ads.
Support Sporcle.
Get the best of Sporcle when you Go Orange. This ad-free experience offers more features, more stats, and more fun while also helping to support Sporcle. Thank you for becoming a member.

Show Comments

Extras

Created Jan 5, 2013ReportNominate
Tags:State Quiz, Live

Top Quizzes Today


Score Distribution

Your Account Isn't Verified!

In order to create a playlist on Sporcle, you need to verify the email address you used during registration. Go to your Sporcle Settings to finish the process.

Report this User

Report this user for behavior that violates our Community Guidelines.

Details: